| 000 | 00340nam a2200133Ia 4500 | ||
|---|---|---|---|
| 008 | 240624s9999 xx 000 0 und d | ||
| 041 | _aeng | ||
| 082 | _a378 MIS | ||
| 100 | _aMISRA KAMAKHYA PRAKASH | ||
| 245 | _aGUEST FACULTY | ||
| 260 |
_c2013 _aNew Delhi _bGood Times Books Pvt. Ltd. |
||
| 300 | _a251 : p. : cm. ; 19 | ||
| 365 |
_cRS _b25 |
||
| 999 |
_c23842 _d23842 |
||